| 000 | 00424nam a22001697a 4500 | ||
|---|---|---|---|
| 003 | OSt | ||
| 008 | 250411b |||||||| |||| 00| 0 eng d | ||
| 020 | _a9789386858252 | ||
| 082 | _a153.6 RAS | ||
| 100 | _aRAMAN,Meenakshi | ||
| 245 | _aSoft Skills Key to Success in workplace and Life | ||
| 260 |
_aNew Delhi _bCengage _c2023 |
||
| 300 | _a283 | ||
| 650 | _aSoft Skills | ||
| 700 | _aUPADHYAY,Shalini | ||
| 942 |
_2ddc _cREF |
||
| 999 |
_c13276 _d13276 |
||